Handbook of UGC-NET for library and information science (Record no. 8215)

MARC details
000 -LEADER
fixed length control field 00375nam a2200145Ia 4500
020 ## - INTERNATIONAL STANDARD BOOK NUMBER
ISBN 9789382059172
082 ## - DEWEY DECIMAL CLASSIFICATION NUMBER
Classification number RR 025.06 ASH-;
100 ## - MAIN ENTRY--AUTHOR NAME
Personal name Ashraf, Tariq
245 #0 - TITLE STATEMENT
Title Handbook of UGC-NET for library and information science
260 ## - PUBLICATION, DISTRIBUTION, ETC. (IMPRINT)
Place of publication New Delhi
Name of publisher Synergy Books India
Year of publication 2014
300 ## - PHYSICAL DESCRIPTION
Number of Pages 450
650 ## - SUBJECT ADDED ENTRY--TOPICAL TERM
Topical Term LIBRARY SCIENCE
700 ## - ADDED ENTRY--PERSONAL NAME
Personal name Jha, Sanjay Kumar
942 ## - ADDED ENTRY ELEMENTS (KOHA)
Koha item type Books
Holdings
Withdrawn status Lost status Damaged status Not for loan Home library Current library Date acquired Source of acquisition Bill Date Full call number Accession Number Price effective from Koha item type
        NASSDOC Library NASSDOC Library 25/03/2014 BATRA 2014-03-12 RR 025.06 ASH-; 48331 18/04/2019 Books